Loading...
| Science - Biology | 0 | 6 | 1 | 0 | 55 | 44 | 65.00 | 1 | 2 | 0.00 | 0.00 |
| Science - Other | 0 | 4 | 0 | 1 | 40 | 29 | 58.25 | 2 | 3 | 0.00 | 0.00 |
| History - Other | 0 | 3 | 0 | 1 | 30 | 94 | 97.33 | 0 | 0 | 0.00 | 0.00 |
| Science - Chemistry | 0 | 5 | 4 | 0 | 30 | 13 | 50.00 | 1 | 4 | 0.00 | 0.00 |
| Science - Physics | 0 | 4 | 5 | 0 | 15 | 25 | 34.25 | 2 | 4 | 0.00 | 0.00 |
| Mythology | 0 | 1 | 0 | 0 | 10 | 73 | 73.00 | 0 | 0 | 10.54 | 20.00 |
| Fine Arts - Classical Music | 0 | 2 | 2 | 1 | 10 | 117 | 123.50 | 0 | 1 | 0.00 | 0.00 |
| Fine Arts - Other | 0 | 1 | 0 | 1 | 10 | 99 | 99.00 | 0 | 0 | 1.75 | 4.41 |
| History - European | 0 | 1 | 0 | 0 | 10 | 67 | 67.00 | 0 | 0 | 3.05 | 4.55 |
| Popular Culture | 0 | 1 | 0 | 0 | 10 | 37 | 37.00 | 0 | 1 | 0.00 | 0.00 |
| Religion | 0 | 1 | 1 | 1 | 5 | 97 | 97.00 | 0 | 0 | 0.00 | 0.00 |
| History - American | 0 | 1 | 2 | 1 | 0 | 114 | 114.00 | 0 | 0 | 14.66 | 25.00 |
| Current Events | 0 | 0 | 1 | 0 | -5 | 0.00 | 0 | 0 | 0.00 | 0.00 |